000
00271nam a2200109Ia 4500
008
230627s9999 xx 000 0 und d
041
_a
eng
082
_a
347
_b
SAH
100
_a
Saha A. N.
245
_a
Code Of Civil Procedure 1908
260
_a
Calcutta
_b
Eastern Law House
999
_c
682232
_d
682232